| 000 | 00599nam a22001937a 4500 | ||
|---|---|---|---|
| 999 |
_c15371 _d15371 |
||
| 003 | AR-CdUCM | ||
| 008 | 190426b ||||| |||| 00| 0 spa d | ||
| 020 | _a978-84-683-0955-2 | ||
| 040 |
_aMUNICIPALIDAD PROVINCIAL DEL CUSCO _cBIBLIOTECA MUNICIPAL DEL CUSCO |
||
| 082 |
_aPI / 423 / _bKII |
||
| 110 |
_aKids _934420 |
||
| 245 | _aMi primer diccionario de español - ingles / | ||
| 260 |
_aBarcelona : _bEdebé, _c2014. |
||
| 300 |
_c15 cm. _bIlustraciones, |
||
| 650 |
_aDiccionario infantil _934421 |
||
| 700 |
_aSans, Marta (Editora) _934422 |
||
| 942 |
_2ddc _cLIBROS |
||
| 945 |
_arah _d26/04/2019 |
||